UBT Library

Architectural Record (Record no. 60757)

000 -LEADER
fixed length control field 00273nam a22001217a 4500
008 - FIXED-LENGTH DATA ELEMENTS--GENERAL INFORMATION
fixed length control field 260116b ||||| |||| 00| 0 eng d
041 ## - LANGUAGE CODE
Language code of text/sound track or separate title eng
080 ## - UNIVERSAL DECIMAL CLASSIFICATION NUMBER
Universal Decimal Classification number 003
100 ## - Rafti
Rafti 20
101 ## - Shkurtesa
Shkurtesa ark
245 ## - TITLE STATEMENT
Title Architectural Record
Statement of responsibility, etc The magazine of the aia
942 ## - ADDED ENTRY ELEMENTS (KOHA)
Source of classification or shelving scheme
Item type Books
Holdings
Withdrawn status Lost status Source of classification or shelving scheme Damaged status Not for loan Collection code Permanent location Current location Date acquired Total Checkouts Barcode Date last seen Price effective from Koha item type
          Koleksioni i përgjithshem UBT - Lipjan UBT - Lipjan 01/16/2026   002-800070999375 01/16/2026 01/16/2026 Books
UBT Library © 2015-2024. All rights reserved University Education for Business and Technology